000 00682nam a2200217 i 4500
001 180683
003 ES-MaACL
005 20250812050900.0
008 120622q1956 sp a |||| |dspa d
080 _a7.032.7
100 1 _aVicens, Francesc.
_9114313
245 1 3 _aEl arte romano /
_cFrancisco Vicens ; portada de Chaco.
260 _aBarcelona :
_bEdiciones G.P.,
_c[ca. 1956]
300 _a64 p. :
_bil. ;
_c11cm.
490 1 _aEnciclopedia pulga ;
_v194
650 7 _aArte romano
_2embne
_910314
700 1 _aChacopino Fabre, JoaquĆ­n.
_9150736
830 1 _aEnciclopedia pulga ;
_v194
_9191296
852 4 _aES-MaACL
_j2311-F-1
999 _c180683
_d180683